[Event "2015 NA Class C Ch - Rd 1 Sect 2, S50101"]
[Site "CCLA"]
[Date "2015.04.27"]
[Round "?"]
[White "Klimushyn, Charles"]
[Black "Godinez, Doug"]
[Result "0-1"]
[WhiteElo "1156"]
[BlackElo "1392"]

1. e4 c5 2. Nf3 d6 3. d4 cxd4 4. Nxd4 Nf6 5. Nc3 a6 6. Be3 e5 7. Nb3 Be6 
8. Qd2 Be7 9. f3 O-O 10. O-O-O Nbd7 11. Be2 b5 12. Nd5 Bxd5 13. exd5 Rc8 
14. g4 Nb6 15. Bxb6 Qxb6 16. g5 Nd7 17. h4 f5 18. Na5 Bd8 19. Nc6 Nb8 20. 
Nxd8 Rfxd8 21. Kb1 f4 22. h5 Nd7 23. Bd3 Nc5 24. Bf5 Rc7 25. c3 a5 26. Qc2
b4 27. Bxh7+ Kh8 28. h6 bxc3 0-1

[Event "2015  Server Team - Div 3, S53999"]
[Site "CCLA"]
[Date "2015.10.30"]
[Round "?"]
[White "Siegfried, Will"]
[Black "Zaas, Joel"]
[Result "0-1"]
[WhiteElo "1724"]
[BlackElo "1914"]
[Board "3"]
[WhiteTeam "Idaho Mountaineers"]
[BlackTeam "Canadian Snowbirds"]

1. e4 c5 2. Nf3 d6 3. d4 Nf6 4. Nc3 cxd4 5. Nxd4 a6 6. Be3 e5 7. Nb3 Be7 
8. f3 Be6 9. Qd2 O-O 10. O-O-O Nbd7 11. g4 b5 12. g5 b4 13. Ne2 Ne8 14. h4
a5 15. Ng3 a4 16. Na1 Nc7 17. Bh3 d5 18. Nf5 d4 19. Nxe7+ Qxe7 20. Bf2 
Bxh3 21. Rxh3 Qe6 22. Rg3 Qxa2 23. Qxb4 a3 24. b3 Qxa1+ 25. Kd2 Qxd1+ 26. 
Kxd1 a2 0-1

[Event "Winter Series, S50021"]
[Site "CCLA"]
[Date "2015.01.28"]
[Round "?"]
[White "Evans, Stanley W."]
[Black "Miktarian, Harry J."]
[Result "0-1"]
[WhiteElo "1855"]
[BlackElo "1817"]

1. e4 c5 2. Nf3 d6 3. d4 Nf6 4. Nc3 cxd4 5. Nxd4 a6 6. g3 e5 7. Nde2 Nbd7 
8. Bg2 b5 9. O-O Be7 10. h3 Nb6 11. a3 O-O 12. f4 Bb7 13. b3 Rc8 14. Bb2 
Qc7 15. Rc1 Rfd8 16. g4 d5 17. fxe5 Nxe4 18. Qe1 Qxe5 19. Nxe4 Qxb2 20. 
Qf2 Qe5 21. Qxb6 Ba8 22. Qf2 dxe4 23. Qxf7+ Kh8 24. Rf5 Qd6 25. b4 Rf8 26.
 Qh5 Qd2 27. Rxf8+ Rxf8 28. g5 Bxg5 29. Rf1 Be3+ 30. Kh1 Bf2 31. Qg4 e3 
32. Bxa8 Rxa8 33. c4 Rf8 34. Rc1 bxc4 35. Qxc4 Qd7 36. Kh2 Qd6+ 37. Kh1 h6
38. Qg4 Qd5+ 39. Kh2 h5 40. Qg2 Qd2 0-1

[Event "2015 Server Team Ch - Div 1, S51999"]
[Site "CCLA"]
[Date "2015.10.30"]
[Round "?"]
[White "Buss, Michael D."]
[Black "Zaas, Donald"]
[Result "1/2-1/2"]
[WhiteElo "2369"]
[BlackElo "2262"]
[Board "2"]
[WhiteTeam "Pennsylvania Keystones"]
[BlackTeam "Paul Morphy's Hair"]

1. e4 c5 2. Nf3 d6 3. d4 cxd4 4. Nxd4 Nf6 5. Nc3 a6 6. g3 e5 7. Nde2 Be7 
8. Bg2 b5 9. Nd5 Nxd5 10. Qxd5 Ra7 11. Qd3 Rc7 12. Bd2 Nc6 13. a4 Bd7 14. 
O-O O-O 15. axb5 axb5 16. Rfb1 Qc8 17. b3 b4 18. Ra2 h6 19. h4 Be6 20. 
Rba1 Qb7 21. Be3 Rcc8 22. Ra4 Ra8 23. Rxa8 Rxa8 24. Rxa8+ Qxa8 25. Kh2 Qb7
26. Qd2 Nb8 27. Nc1 Na6 28. Nd3 f6 29. f4 Bd7 30. Qd1 Bc6 31. Nf2 Nc7 32. 
Qg4 Bf8 33. h5 Kh8 34. Bf1 Qb8 35. Bd3 Qe8 36. Bd2 Bd7 37. Qf3 Qb8 38. Kg2
Be7 39. Bc4 Ne6 40. Qd3 Nd4 41. Be3 Nb5 42. Qd5 Qe8 43. g4 Nc3 44. Qf7 
Qxf7 45. Bxf7 Bc6 46. fxe5 dxe5 47. Kf3 1/2-1/2

[Event "2015  Server Team - Div 3, S53999"]
[Site "CCLA"]
[Date "2015.10.30"]
[Round "?"]
[White "Weiss, Lester P."]
[Black "Vaughan, James"]
[Result "0-1"]
[WhiteElo "2103"]
[BlackElo "2259"]
[Board "1"]
[WhiteTeam "Canadian Snowbirds"]
[BlackTeam "Knights of the Square Table"]

1. e4 c5 2. Nf3 d6 3. d4 Nf6 4. Nc3 cxd4 5. Nxd4 a6 6. g3 e5 7. Nde2 Be7 
8. Bg2 Be6 9. O-O Nbd7 10. h3 h5 11. a4 Rc8 12. Be3 Nc5 13. f4 Bc4 14. Qd2
O-O 15. f5 b5 16. axb5 axb5 17. b4 Na4 18. Nxa4 bxa4 19. Rxa4 d5 20. Rb1 
Ra8 21. Rxa8 Qxa8 22. exd5 Bxd5 23. Nc3 Bxg2 24. Qxg2 Qc8 25. Ne4 Nd5 26. 
Bc5 Bxc5+ 27. bxc5 Nc3 28. Nxc3 Qxc5+ 29. Qf2 Qxc3 30. Rb3 Qc7 31. Rd3 Ra8
32. Re3 Ra1+ 33. Re1 Rxe1+ 34. Qxe1 e4 35. Qf2 Qc3 36. Kg2 e3 37. Qe2 Qc6+
38. Kg1 Qe4 39. g4 Kh7 40. f6 gxf6 41. Qd3 Qxd3 42. cxd3 hxg4 43. hxg4 Kg6
0-1

[Event "2015 Server Team Ch - Div 1, S51999"]
[Site "CCLA"]
[Date "2015.10.30"]
[Round "?"]
[White "Sherwood, Russell"]
[Black "Waller, Anthony"]
[Result "1/2-1/2"]
[WhiteElo "2310"]
[BlackElo "2238"]
[Board "1"]
[WhiteTeam "BCCA Rooks"]
[BlackTeam "SchemingMind B"]

1. e4 c5 2. Nf3 d6 3. d4 cxd4 4. Nxd4 Nf6 5. Nc3 a6 6. Be3 e5 7. Nb3 Be7 
8. Be2 Be6 9. O-O Nbd7 10. Bf3 O-O 11. a4 Qc7 12. a5 Rac8 13. Re1 Rfe8 14.
 Nc1 b6 15. axb6 Nxb6 16. Nd3 Qb7 17. h3 Bd8 18. Bg5 Nbd7 19. Qd2 h6 20. 
Be3 Nb6 21. b3 Qc7 22. Nb1 d5 23. Bxb6 Qxb6 24. exd5 Nxd5 25. Nxe5 Bg5 26.
 Qa5 1/2-1/2

[Event "2015 Server Team Ch - Div 1, S51999"]
[Site "CCLA"]
[Date "2015.10.30"]
[Round "?"]
[White "Weiner, Jerry"]
[Black "Zaas, Peter S."]
[Result "1/2-1/2"]
[WhiteElo "2165"]
[BlackElo "2333"]
[Board "3"]
[WhiteTeam "Gustafson Winners"]
[BlackTeam "Paul Morphy's Hair"]

1. e4 c5 2. Nf3 d6 3. d4 cxd4 4. Nxd4 Nf6 5. Nc3 a6 6. Be3 e5 7. Nb3 Be7 
8. Be2 Be6 9. O-O Nbd7 10. f4 Rc8 11. f5 Bc4 12. Bxc4 Rxc4 13. Qe2 Qc7 14.
 Nd2 Rc6 15. a4 O-O 16. a5 Rc8 17. Bf2 Bd8 18. Ra3 Qb8 19. Rb1 h6 20. h3 
b6 21. axb6 Bxb6 22. Rxa6 Bd4 23. Ra3 R6c7 24. Ra4 Nc5 25. Rxd4 exd4 26. 
Bxd4 Ncd7 27. Qe3 Qb4 28. Nb3 Rc4 29. Ra1 Qb7 30. Ra7 Qb8 31. Ra6 Rb4 32. 
Kh1 Kh7 33. Kg1 Kg8 1/2-1/2

[Event "Summer Series, S50291"]
[Site "CCLA"]
[Date "2015.07.25"]
[Round "?"]
[White "Abbey, William"]
[Black "Jarmuz, Frederick"]
[Result "1-0"]
[WhiteElo "1957"]
[BlackElo "1945"]

1. e4 c5 2. Nf3 d6 3. d4 cxd4 4. Nxd4 Nf6 5. Nc3 a6 6. Bg5 e5 7. Nf5 Nc6 
8. Be2 Bxf5 9. Bxf6 Qxf6 10. Nd5 Qd8 11. exf5 Qa5+ 12. c3 Be7 13. Bf3 O-O 
14. Be4 Qd8 15. Qf3 Bf6 16. Rd1 a5 17. O-O Ra6 18. Qh5 Nb8 19. g4 Nd7 20. 
g5 g6 21. fxg6 fxg6 22. Bxg6 hxg6 23. Qxg6+ Bg7 24. Qe6+ Kh8 25. f4 exf4 
26. Qh3+ Kg8 27. g6 Rf6 28. Nxf6+ Qxf6 29. Qxd7 Qxg6+ 30. Kf2 Qc2+ 31. Kf3
Qxb2 32. Qe6+ Kh7 33. Rd5 Qxc3+ 34. Kg4 1-0

[Event "Premier Quad, S50099"]
[Site "CCLA"]
[Date "2015.03.09"]
[Round "?"]
[White "Fausey, Verna M."]
[Black "Hansen, Michael"]
[Result "0-1"]
[WhiteElo "1718"]
[BlackElo "1754"]

1. e4 c5 2. Nf3 d6 3. d4 cxd4 4. Nxd4 Nf6 5. Nc3 a6 6. Bg5 e6 7. f4 Qb6 8.
 Qd2 Qxb2 9. Rb1 Qa3 10. e5 dxe5 11. fxe5 Nfd7 12. Bc4 Qa5 13. Bxe6 fxe6 
14. Nxe6 Nxe5 15. Bd8 Nf3+ 16. gxf3 Qe5+ 17. Kd1 Bxe6 18. Rxb7 Qf5 19. Rf1
Nd7 20. Bg5 Ba3 21. Qf4 O-O 22. Qxf5 Rxf5 23. Bd2 Nc5 24. Rc7 Raf8 25. Rg1
R8f7 26. Nb1 Rxc7 0-1

[Event "2015 NA Server Ch (CCLA Rules), S50169"]
[Site "CCLA"]
[Date "2015.04.27"]
[Round "?"]
[White "Young III, William C."]
[Black "Edwards, K. E. D. G."]
[Result "1/2-1/2"]
[WhiteElo "2075"]
[BlackElo "2273"]

1. e4 c5 2. Nf3 d6 3. d4 cxd4 4. Nxd4 Nf6 5. Nc3 a6 6. Bg5 e6 7. f4 h6 8. 
Bh4 Be7 9. Qf3 Nbd7 10. O-O-O Qc7 11. Be2 Rb8 12. Qg3 Rg8 13. Rhf1 b5 14. 
e5 dxe5 15. Nxe6 fxe6 16. Qg6+ Kd8 17. fxe5 Qxe5 18. Bg3 Qe3+ 19. Kb1 Rb7 
20. Rd3 Qg5 21. Qf7 Re8 22. h4 Qc5 23. Bf2 Qc7 24. Qxg7 b4 25. Na4 Nd5 26.
 Bg3 Bd6 27. Bh5 N7f6 28. Qxf6+ Nxf6 29. Rxf6 Qa5 30. Bxe8 Kxe8 31. Bxd6 
Rf7 32. Rxf7 Kxf7 33. b3 e5 34. Nb2 Be6 35. Rf3+ Kg7 36. Bf8+ Kg6 37. Rg3+
Kh5 38. Nd3 Bf5 39. Bxb4 Qb6 40. Bd2 Qg1+ 41. Kb2 Bxd3 42. Rxd3 e4 43. 
Rd5+ Kxh4 44. Re5 Qd4+ 45. Bc3 Qe3 46. Re6 Kg3 47. Rg6+ Kf2 48. Rxa6 Kxg2 
49. a4 h5 50. Rg6+ Kf3 51. a5 h4 52. Rf6+ Ke2 53. a6 h3 54. Rf7 h2 55. Rh7
Qb6 56. Rxh2+ Kf3 57. Rh5 Qxa6 58. Rh3+ Kg4 59. Re3 Kf5 60. Bd4 Qd6 61. c3
Qh2+ 62. Ka3 Qc2 63. Re1 Qd3 64. Kb4 Qg3 65. Re3 Qb8+ 66. Ka3 Qd6+ 67. b4 
Qd5 68. Re1 Qb5 69. Kb2 Qc4 70. Re3 Qf1 71. Kb3 Qb1+ 72. Kc4 Qa2+ 73. Kc5 
Qa7+ 74. Kb5 Qd7+ 75. Ka5 Qd8+ 76. Ka4 Qa8+ 77. Kb3 Qd5+ 78. Kb2 Qb5 79. 
Rh3 Qe2+ 80. Kb3 Ke6 81. Rg3 Qd1+ 82. Kc4 1/2-1/2

[Event "Winter Series, S50031"]
[Site "CCLA"]
[Date "2015.01.28"]
[Round "?"]
[White "Disque, Philip"]
[Black "Jarmuz, Frederick"]
[Result "0-1"]
[WhiteElo "1603"]
[BlackElo "1945"]

1. e4 c5 2. Nf3 d6 3. d4 cxd4 4. Nxd4 Nf6 5. Nc3 a6 6. Bg5 e6 7. f4 Be7 8.
 Qf3 Qc7 9. O-O-O Nbd7 10. Bd3 h6 11. Qh3 Nb6 12. f5 e5 13. Nde2 Bd7 14. 
Be3 Nc4 15. Kb1 Nxe3 16. Qxe3 b5 17. Nd5 Nxd5 18. exd5 a5 19. g4 b4 20. h4
a4 21. g5 Qb7 22. c4 bxc3 23. Nxc3 Rb8 24. Qc1 a3 25. b3 Rc8 26. f6 gxf6 
27. gxh6 Qb4 28. Rh2 Rxc3 29. Rc2 Rxc2 30. Qxc2 Rxh6 31. Rc1 Rxh4 32. Bf5 
Bxf5 33. Qxf5 Qd2 34. Rc8+ Bd8 0-1

[Event "Premier Quad, S50439"]
[Site "CCLA"]
[Date "2015.11.11"]
[Round "?"]
[White "Ramsden, Jim E."]
[Black "Vecchio, Ralph"]
[Result "1-0"]
[WhiteElo "1789"]
[BlackElo "1845"]

1. e4 e6 2. b3 d5 3. Bb2 Nc6 4. Nc3 d4 5. Nce2 e5 6. Ng3 Nf6 7. Bc4 Bc5 8.
 N1e2 a6 9. a4 O-O 10. c3 Re8 11. b4 dxc3 12. dxc3 Ba7 13. Qb3 Ng4 14. Bd5
Bxf2+ 15. Kd2 Qg5+ 16. Kc2 Ne3+ 17. Kb1 Nxd5 18. exd5 Qg6+ 19. Ka2 Ne7 20.
 Rhf1 Be3 21. c4 Qg5 22. Bc1 Bxc1 23. Raxc1 Bg4 24. Ne4 Qh6 25. N2g3 b6 
26. h3 Bd7 27. d6 Nc6 28. Qf3 Be6 29. d7 Re7 30. Ka3 Nd4 31. Nf6+ 1-0

[Event "2015 REGULAR QUAD, S50429"]
[Site "CCLA"]
[Date "2015.11.04"]
[Round "?"]
[White "Acosta, Errol"]
[Black "Williams, Rufus H."]
[Result "0-1"]
[WhiteElo "1494"]
[BlackElo "1309"]

1. e4 e6 2. f4 d5 3. e5 Nc6 4. d4 Bb4+ 5. c3 Ba5 6. Nf3 f6 7. Bd3 fxe5 8. 
fxe5 Bb6 9. O-O Nce7 10. Ng5 Nh6 11. Na3 Nef5 12. Nc2 O-O 13. Ne3 c5 14. 
Ng4 cxd4 15. Nxh6+ gxh6 16. Qg4 dxc3+ 17. Kh1 hxg5 18. bxc3 h6 19. Ba3 Rf7
20. Bc1 Kh8 21. Ba3 Qg8 22. Rf3 Bd7 23. Raf1 Rc8 24. Qh5 Qg7 25. g4 Rxc3 
26. gxf5 exf5 27. Bb2 Rc8 28. R3f2 Bxf2 29. Rxf2 Be6 30. Kg2 Kh7 31. Bb1 
Rc4 32. h3 Rh4 33. Qe2 g4 34. Kf1 gxh3 35. Qf3 h2 36. Qh1 Qg1+ 0-1

[Event "2015 REGULAR QUAD, S50419"]
[Site "CCLA"]
[Date "2015.10.24"]
[Round "?"]
[White "Acosta, Errol"]
[Black "Fullen, Peter J."]
[Result "0-1"]
[WhiteElo "1494"]
[BlackElo "1359"]

1. e4 e6 2. f4 d5 3. e5 c5 4. Nf3 Nc6 5. c3 Qb6 6. Be2 Nh6 7. O-O Be7 8. 
d3 Nf5 9. Na3 c4+ 10. d4 O-O 11. Rb1 Bxa3 12. bxa3 Qxb1 13. g4 Nfe7 14. 
Qd2 Qg6 15. h3 Nf5 16. Kh2 Nh6 17. Nh4 Qe4 18. Bb2 f6 19. Re1 fxe5 20. Kg1
Qxf4 21. Qxf4 Rxf4 22. dxe5 Nxe5 23. Bc1 Rf7 24. g5 Nf5 25. Bh5 g6 26. 
Nxf5 Rxf5 27. Bd1 Bd7 28. Bc2 Nf3+ 0-1

[Event "2015 REGULAR QUAD, S50389"]
[Site "CCLA"]
[Date "2015.09.16"]
[Round "?"]
[White "Acosta, Errol"]
[Black "Laaman, Thomas"]
[Result "0-1"]
[WhiteElo "1494"]
[BlackElo "1648"]

1. e4 e6 2. f4 d5 3. e5 Nh6 4. Nf3 Bc5 5. d4 Bb6 6. c3 Nf5 7. Bd3 Nh4 8. 
O-O Nc6 9. Na3 f5 10. Ng5 O-O 11. Qh5 h6 12. Qxh4 hxg5 13. fxg5 Nxe5 14. 
Kh1 Nxd3 15. Qh5 Nxc1 16. g6 Rf6 17. Qh7+ Kf8 18. Qh8+ Ke7 19. Qxg7+ Kd6 
20. Raxc1 Bd7 21. Qh6 Qg8 22. Qf4+ Ke7 23. c4 Qxg6 24. cxd5 Qg4 25. Qd2 
exd5 26. Rf4 Qg6 27. Qb4+ Kf7 28. Re1 Re8 29. Ref1 Re2 30. R4f2 Rxf2 31. 
Rxf2 Qg4 32. Qb3 Qxd4 33. Rf1 c6 34. Nc2 Qc4 0-1

[Event "2015 REGULAR QUAD, S50199"]
[Site "CCLA"]
[Date "2015.05.01"]
[Round "?"]
[White "Acosta, Errol"]
[Black "Metz, Edward"]
[Result "0-1"]
[WhiteElo "1494"]
[BlackElo "1397"]

1. e4 e6 2. f4 d6 3. Nf3 Bd7 4. d4 d5 5. e5 c5 6. c3 Nc6 7. Bd3 cxd4 8. 
cxd4 Qb6 9. Bc2 Bb4+ 10. Nc3 Na5 11. O-O Nc4 12. Ne2 Nh6 13. Ng3 Bb5 14. 
Re1 Bxe1 15. Nxe1 O-O 16. f5 exf5 17. Nh5 Ng4 18. Bxf5 Ngxe5 19. Kh1 Ng6 
20. Nf3 Nd6 21. Bc2 Bd7 22. h3 Rae8 23. b3 Ne4 24. Bxe4 dxe4 25. Ne5 Nxe5 
26. dxe5 Qc6 27. Ba3 Rxe5 28. Bxf8 Kxf8 29. Rc1 Qd5 30. Ng3 e3 31. Qe2 
Bxh3 32. Kh2 Be6 33. Rd1 Qb5 34. Rd3 Bg4 35. Qc2 e2 36. Nxe2 Rxe2 37. Rd8+
Re8 38. Rxe8+ Kxe8 39. Qe4+ Be6 40. Qxh7 Qe5+ 41. Kg1 g6 42. Qh4 Qa1+ 43. 
Kh2 Qxa2 44. Qh8+ Ke7 45. Qh4+ f6 46. Qb4+ Ke8 47. Qxb7 Bxb3 48. Qc8+ Kf7 
49. Qd7+ Kg8 50. Qg4 Bf7 0-1

[Event "2015 REGULAR QUAD, S50049"]
[Site "CCLA"]
[Date "2015.02.20"]
[Round "?"]
[White "Martindale, Roger"]
[Black "Benson, Katie J."]
[Result "1-0"]
[WhiteElo "1174"]
[BlackElo "1199"]

1. e4 d5 2. e5 e6 3. Nf3 f6 4. d4 Bb4+ 5. c3 Ba5 6. b4 Bb6 7. c4 fxe5 8. 
c5 Bxc5 9. bxc5 e4 10. Ne5 Nd7 11. Qg4 g6 12. Qxe6+ Qe7 13. Qxd5 Nxe5 14. 
Ba3 c6 15. Qxe5 Qxe5 16. dxe5 Bf5 17. h3 Ne7 18. g4 Be6 19. Nc3 Nd5 20. 
Bc4 Nxc3 21. Bxe6 Nd5 22. O-O Nc7 23. Bb3 O-O-O 24. Rfe1 Nd5 25. Rxe4 Rhe8
26. Bd1 Nc3 27. Re1 Nxd1 28. Raxd1 Re6 29. Rxd8+ Kxd8 30. Bb2 Ke7 31. f4 
Ke8 32. Rd1 Re7 33. Re1 Re6 34. f5 Ke7 35. fxe6 Ke8 36. Bc1 Ke7 37. Bh6 
Kxe6 38. Bg7 Ke7 39. Rd1 Kf7 40. Bf6 1-0

[Event "2015 REGULAR QUAD, S50219"]
[Site "CCLA"]
[Date "2015.05.11"]
[Round "?"]
[White "Selby, Robin"]
[Black "Metz, Edward"]
[Result "0-1"]
[WhiteElo "1190"]
[BlackElo "1397"]

1. e4 e6 2. Nf3 d6 3. b3 Nf6 4. Bb2 Nxe4 5. d3 Nf6 6. Be2 Be7 7. O-O b6 8.
 d4 O-O 9. Re1 d5 10. Nc3 Ba6 11. a3 Bxe2 12. Rxe2 c5 13. dxc5 bxc5 14. a4
Nc6 15. Ne5 Nxe5 16. Rxe5 Bd6 17. Rg5 a6 18. Qf3 d4 19. h4 h6 20. Ne4 hxg5
21. Nxg5 Rb8 22. Rd1 e5 23. Ne4 Nxe4 24. Qxe4 Rb4 25. Qg4 c4 26. Bc1 cxb3 
27. h5 d3 28. Qh3 b2 29. Bxb2 dxc2 30. Rd2 Rxb2 31. Qc3 Rb1+ 32. Kh2 e4+ 
33. g3 c1=Q 34. Qxc1 Rxc1 35. Re2 Qh4+ 36. Kg2 Qh1# 0-1

[Event "2015 Server Team Ch - Div 1, S51999"]
[Site "CCLA"]
[Date "2015.10.30"]
[Round "?"]
[White "Kjeldsen, Karsten"]
[Black "Glanville, Colin M."]
[Result "0-1"]
[WhiteElo "2122"]
[BlackElo "2051"]
[Board "4"]
[WhiteTeam "SchemingMind B"]
[BlackTeam "BCCA Rooks"]

1. e4 e6 2. Nc3 d5 3. Nf3 Nf6 4. e5 Nfd7 5. d3 c5 6. Bf4 Nc6 7. Qd2 Be7 8.
 h4 a6 9. O-O-O b5 10. Re1 b4 11. Na4 Bb7 12. b3 Nb6 13. Nxb6 Qxb6 14. h5 
h6 15. Rh3 a5 16. Rg3 Kf8 17. Rd1 a4 18. Qe2 axb3 19. cxb3 Na7 20. Ne1 Nb5
21. Qg4 Rh7 22. Rd2 Nc3 23. Rc2 Nxa2+ 24. Kd2 Nc3 25. Bxh6 Ke8 26. Be3 d4 
27. Bf4 Ra1 28. Rc1 Rxc1 0-1

[Event "Premier Quad, S50289"]
[Site "CCLA"]
[Date "2015.07.20"]
[Round "?"]
[White "Evans, Stanley W."]
[Black "Stevens, Daniel L."]
[Result "1-0"]
[WhiteElo "1834"]
[BlackElo "1779"]

1. e4 e6 2. d3 d5 3. Nd2 c5 4. Ne2 dxe4 5. dxe4 Nc6 6. Ng3 Nf6 7. Bb5 Qc7 
8. O-O e5 9. Bxc6+ Qxc6 10. Nc4 Qe6 11. Qd3 b5 12. Rd1 Be7 13. Nd6+ Bxd6 
14. Qxd6 Qxd6 15. Rxd6 Nd7 16. Bg5 f6 17. Be3 a5 18. Rad1 Ra6 19. Bxc5 
Rxd6 20. Bxd6 g6 21. Rd5 Ba6 22. Bc7 Ke7 23. Bxa5 Nb8 24. Bb4+ Kf7 25. f3 
Rc8 26. c3 Nc6 27. Rc5 Na7 28. Kf2 Rxc5 29. Bxc5 Nc6 30. Nf1 Nd8 31. Ne3 
Ne6 32. Ba3 Nf4 33. b3 Ke6 34. g3 1-0

[Event "Summer Series, S50321"]
[Site "CCLA"]
[Date "2015.07.25"]
[Round "?"]
[White "Perry, William E."]
[Black "Catania, Duane"]
[Result "1/2-1/2"]
[WhiteElo "1440"]
[BlackElo "1642"]

1. e4 e6 2. d3 d5 3. Nd2 Nf6 4. g3 Nbd7 5. Bg2 c5 6. Ngf3 Bd6 7. O-O O-O 
8. Re1 Qc7 9. c3 e5 10. d4 cxd4 11. cxd4 exd4 12. Nxd4 dxe4 13. Nxe4 Nxe4 
14. Rxe4 Qb6 15. Qb3 Qxb3 16. Nxb3 Nf6 17. Re1 Rb8 18. Be3 b6 19. Red1 Rd8
20. Bf4 Ne8 21. Rac1 Bg4 22. Bxd6 Rxd6 23. Rxd6 Nxd6 24. Rc7 Nb5 25. Rb7 
Rxb7 26. Bxb7 Kf8 27. Bc6 Nd6 28. Bd5 Ke7 29. Nd4 a6 30. f4 Bd7 31. Kf2 f6
32. Kf3 Nf5 33. Nxf5+ 1/2-1/2

[Event "2015 REGULAR QUAD, S50429"]
[Site "CCLA"]
[Date "2015.11.04"]
[Round "?"]
[White "Gravelle, Gary"]
[Black "Williams, Rufus H."]
[Result "1-0"]
[WhiteElo "1387"]
[BlackElo "1309"]

1. e4 e6 2. d3 d5 3. Nd2 Nf6 4. Ngf3 c5 5. g3 Nc6 6. Bg2 dxe4 7. dxe4 Be7 
8. O-O O-O 9. Re1 b6 10. c3 e5 11. Qc2 Bb7 12. Nc4 Qc7 13. Ne3 Bc8 14. Nd5
Nxd5 15. exd5 Na5 16. Nxe5 Qd6 17. Bf4 Qf6 18. d6 Bxd6 19. Bxa8 Bb7 20. 
Nd7 Qd8 21. Bxd6 Qxd7 22. Bxf8 Bxa8 23. Rad1 Qh3 24. f4 Qc8 25. Be7 Qc6 
26. Rd8+ 1-0

[Event "2015 REGULAR QUAD, S50199"]
[Site "CCLA"]
[Date "2015.05.01"]
[Round "?"]
[White "Mann, Wallace"]
[Black "Metz, Edward"]
[Result "1-0"]
[WhiteElo "1532"]
[BlackElo "1397"]

1. e4 e6 2. d4 d5 3. Be3 Bd7 4. e5 c5 5. c3 cxd4 6. cxd4 Nc6 7. Nc3 Qb6 8.
 Qd2 Nge7 9. Bd3 Nxd4 10. Nge2 Nef5 11. Bxf5 exf5 12. Bxd4 Bc5 13. Bxc5 
Qxc5 14. Qxd5 Qb6 15. O-O Bc6 16. Qd6 Rd8 17. Qa3 Rd2 18. Rad1 Qxb2 19. 
Qxa7 O-O 20. Rxd2 Qxd2 21. Rd1 Qg5 22. Nd5 Rd8 23. f4 Qg4 24. Nf6+ gxf6 
25. Rxd8+ Kg7 26. exf6+ Kh6 27. Qf2 Bf3 28. Qxf3 1-0

[Event "2015 REGULAR QUAD, S50459"]
[Site "CCLA"]
[Date "2015.12.20"]
[Round "?"]
[White "Perry, William E."]
[Black "Catania, Duane"]
[Result "0-1"]
[WhiteElo "1440"]
[BlackElo "1642"]

1. e4 e6 2. d4 d5 3. exd5 exd5 4. c4 c6 5. Nc3 Nf6 6. Nf3 Bd6 7. Bg5 O-O 
8. cxd5 Re8+ 9. Be2 cxd5 10. O-O Be6 11. Bd3 Nbd7 12. Bb5 Be7 13. Ne5 a6 
14. Nxd7 Nxd7 15. Bxe7 Qxe7 16. Ba4 b5 17. Bb3 Nb6 18. Re1 Qf6 19. Re5 Nc4
20. Nxd5 Bxd5 21. Rxd5 Rad8 22. Rxd8 Rxd8 23. d5 Nxb2 24. Qe2 Nd3 25. Rd1 
Nc5 26. Bc2 g6 27. Qe3 Qd6 28. g3 Nd7 29. a4 b4 30. Bb3 Nc5 31. f4 Nxb3 
32. Qxb3 Rc8 33. Rd4 a5 34. Rc4 Rc5 35. Rxc5 Qxc5+ 36. Kg2 Qd4 37. Kf3 Kf8
38. h3 f5 39. g4 Qe4+ 40. Kg3 Ke7 41. h4 Qe1+ 42. Kh3 Qc3+ 0-1

[Event "2015 Regular Quad, S50039"]
[Site "CCLA"]
[Date "2015.02.02"]
[Round "?"]
[White "Williams, Rufus H."]
[Black "Metz, Edward"]
[Result "0-1"]
[WhiteElo "1309"]
[BlackElo "1397"]

1. e4 e6 2. d4 d5 3. exd5 exd5 4. c4 c6 5. Nc3 Nf6 6. Nf3 g6 7. Be3 Bg4 8.
 Be2 Bg7 9. O-O O-O 10. h3 Bxf3 11. Bxf3 dxc4 12. Re1 Na6 13. a3 Rc8 14. 
b3 cxb3 15. Qxb3 Rc7 16. Rad1 Rd7 17. Na4 h5 18. Nc5 Nxc5 19. dxc5 Re8 20.
 a4 Ree7 21. a5 Qxa5 22. Bxc6 bxc6 23. Ra1 Qc7 24. Qa4 Nd5 25. Rab1 Nc3 
26. Qb3 Nxb1 27. Rxb1 Rd5 28. Qc2 Rde5 29. Rd1 Bh6 30. Qb1 Bxe3 31. fxe3 
Rxe3 32. Qa1 R7e5 33. Qc1 Qe7 34. Kf1 Rxc5 35. Rd8+ Qxd8 36. Qxe3 Qd1+ 37.
 Kf2 Rc2+ 38. Kg3 Qd6+ 0-1

[Event "Premier Quad, S50099"]
[Site "CCLA"]
[Date "2015.03.09"]
[Round "?"]
[White "Fausey, Verna M."]
[Black "Hayward, Clark W."]
[Result "0-1"]
[WhiteElo "1718"]
[BlackElo "1909"]

1. e4 e6 2. d4 d5 3. exd5 exd5 4. Bd3 c5 5. dxc5 Bxc5 6. Nf3 Nf6 7. O-O 
O-O 8. Nbd2 Nc6 9. Nb3 Bb6 10. Bg5 Qd6 11. Qd2 Bg4 12. Bf4 Qd7 13. Ne5 
Nxe5 14. Bxe5 Ne8 15. h3 Bxh3 16. gxh3 Qxh3 17. Qf4 f6 18. Qh2 Qg4+ 19. 
Qg3 Qxg3+ 20. Bxg3 g5 21. c4 dxc4 22. Bxc4+ Kg7 23. Rfe1 f5 24. Re7+ Kg6 
25. Rxb7 f4 26. Bd3+ Kf6 27. Rxh7 fxg3 28. Rh6+ Kf7 29. Rxb6 gxf2+ 30. 
Kxf2 axb6 31. Rf1 Kg7+ 32. Ke2 Rxf1 33. Kxf1 Rxa2 0-1

[Event "Premier Quad, S50099"]
[Site "CCLA"]
[Date "2015.03.09"]
[Round "?"]
[White "Fausey, Verna M."]
[Black "Catania, Duane"]
[Result "1-0"]
[WhiteElo "1718"]
[BlackElo "1684"]

1. e4 e6 2. d4 d5 3. exd5 exd5 4. Bd3 Nf6 5. Nc3 Be7 6. Nf3 O-O 7. O-O Bg4
8. Bg5 Nc6 9. Be2 Re8 10. Ne5 Bxe2 11. Nxe2 h6 12. Bf4 Bd6 13. Nd3 Ne4 14.
 Re1 Qf6 15. f3 Nxd4 16. Nxd4 Ng5 17. Rxe8+ Rxe8 18. Ne2 Bxf4 19. Ndxf4 c6
20. Qd2 Qxb2 21. Qd1 b6 22. c3 Qa3 23. Rb1 Ne6 24. Nxe6 fxe6 25. Rb4 a5 
26. Rxb6 Qxa2 27. Rxc6 Rb8 28. Nc1 Qa1 29. Rxe6 Rb1 30. Qxd5 Rxc1+ 31. Kf2
Rd1 32. Re8+ 1-0

[Event "2015 REGULAR QUAD, S50089"]
[Site "CCLA"]
[Date "2015.03.06"]
[Round "?"]
[White "Williams, Rufus H."]
[Black "Catania, Duane"]
[Result "0-1"]
[WhiteElo "1309"]
[BlackElo "1642"]

1. e4 e6 2. d4 d5 3. exd5 exd5 4. Nf3 Bf5 5. Nc3 Nf6 6. Bg5 Be7 7. Bb5+ c6
8. Ba4 O-O 9. O-O Nbd7 10. a3 h6 11. Bxf6 Nxf6 12. Re1 Bd6 13. h3 Qc7 14. 
Ne2 Ne4 15. Ng3 Bxg3 16. Re2 Bd6 17. Kf1 g5 18. c3 Qd7 19. Bc2 Rfe8 20. 
Bxe4 Rxe4 21. Rxe4 Bxe4 22. Ne5 Bxe5 23. Qh5 Kg7 24. a4 Qf5 25. dxe5 Qxe5 
26. Re1 Bxg2+ 27. Kxg2 Qxe1 28. Qg4 Qe4+ 29. Qxe4 dxe4 0-1

[Event "Winter Series, S50061"]
[Site "CCLA"]
[Date "2015.01.28"]
[Round "?"]
[White "Lyons, Anthony W."]
[Black "Perry, William E."]
[Result "1/2-1/2"]
[WhiteElo "1235"]
[BlackElo "1440"]

1. d4 e6 2. e4 d5 3. exd5 exd5 4. Nf3 Bd6 5. Nc3 c6 6. Bd3 Bg4 7. h3 Be6 
8. O-O Nf6 9. Re1 O-O 10. b3 Nbd7 11. a4 a6 12. Ba3 Bxa3 13. Rxa3 c5 14. 
dxc5 Nxc5 15. Qd2 Nxd3 16. Qxd3 h6 17. Nd4 Re8 18. Raa1 Rc8 19. Nce2 Rc5 
20. Nxe6 fxe6 21. Nf4 e5 22. Ne2 Qc7 23. Rac1 Rc8 24. c3 e4 25. Qe3 b5 26.
 axb5 Rxb5 27. b4 a5 28. bxa5 Rxa5 29. Ra1 Rca8 30. Rxa5 Rxa5 31. Nf4 Kf7 
32. Ne2 Ra3 33. Rc1 Qa5 34. Qd4 Ra1 35. Rxa1 Qxa1+ 36. Kh2 Qa5 1/2-1/2

[Event "Premier Quad, S50449"]
[Site "CCLA"]
[Date "2015.12.09"]
[Round "?"]
[White "Laaman, Thomas"]
[Black "Shannon, Paul D."]
[Result "1/2-1/2"]
[WhiteElo "1648"]
[BlackElo "1865"]

1. e4 e6 2. d4 d5 3. exd5 exd5 4. Bd3 Bd6 5. Nf3 Ne7 6. O-O h6 7. Re1 O-O 
8. Nbd2 Bf5 9. Nf1 Nd7 10. Ne3 Bxd3 11. Qxd3 c6 12. Nf5 Nxf5 13. Qxf5 Nf6 
14. Ne5 Re8 15. Bf4 Qc8 16. Qd3 Nh5 17. Bd2 Nf6 18. c3 Qc7 19. Nf3 Ne4 20.
 h3 Re6 21. Re2 Rae8 22. Rae1 Nxd2 23. Qxd2 Rxe2 1/2-1/2

[Event "Premier Quad, S50449"]
[Site "CCLA"]
[Date "2015.12.09"]
[Round "?"]
[White "Haase, F. Philip"]
[Black "Shannon, Paul D."]
[Result "1-0"]
[WhiteElo "1813"]
[BlackElo "1865"]

1. e4 e6 2. d4 d5 3. Nc3 Bb4 4. exd5 exd5 5. Bd3 Ne7 6. Nf3 Bf5 7. Bxf5 
Nxf5 8. Qd3 Bxc3+ 9. bxc3 Nd6 10. O-O O-O 11. Ng5 g6 12. Qh3 h5 13. g4 Qd7
14. gxh5 Qxh3 15. Nxh3 gxh5 16. Kh1 Nd7 17. Rg1+ Kh8 18. Rg5 Nf6 19. Bf4 
Nde4 20. Rf5 Nh7 21. Rxd5 Nxc3 22. Rc5 Ne4 23. Rxc7 b6 24. f3 Nef6 25. Be5
Rac8 26. Rxa7 Rxc2 27. Ng5 1-0